5 Closest Countries To Each Continent - Statistics

General Stats
  • This quiz has been taken 141 times
    123 since last reset
  • The average score is 24 of 35
Answer Stats
Continent km Country % Correct
North America 0 Colombia
87%
Africa 0 Spain (Cueta, Melilla)
85%
Europe 0 Turkey
85%
North America 43 United Kingdom (Anguilla)
85%
Oceania 0 Indonesia
84%
South America 0 Panama
81%
South America 0 France (French Guiana)
80%
North America 35 France (Martinique)
80%
Oceania 261 France (Wallis & Futuna)
80%
Antarctica 2,518 Australia
78%
Africa 0 Israel
78%
North America 10 Venezuela
76%
Antarctica 1,023 Argentina
74%
Antarctica 1,005 Chile
74%
Africa 11 Saudi Arabia
74%
Africa 29 Yemen
71%
Antarctica 2,484 New Zealand
68%
Europe 0 Morocco
67%
Europe 143 Tunisia
67%
Europe 159 Algeria
65%
Asia 0 Papua New Guinea
65%
Oceania 455 East Timor
64%
Africa 9 Jordan
64%
Asia 0 Egypt
62%
South America 25 Netherlands (Aruba)
61%
Oceania 71 United States (American Samoa)
61%
South America 10 Trinidad & Tobago
60%
Asia 0 Greece
59%
Europe 274 Libya
59%
Oceania 834 Philippines
58%
Asia 0 Bulgaria
55%
North America 33 Denmark (Greenland)
55%
South America 133 Grenada
49%
Antarctica 3,151 Uruguay
48%
Asia 196 Romania
41%
No matching quizzes found
Score Distribution
Percent of People with Each Score
Percentile by Number Answered
Your Score History
You have not taken this quiz since the last reset